[Event "Uralsk-ch Women 2019"]
[Site "Khanty-Mansiysk"]
[Date "2019.03.20"]
[Round "9.3"]
[White "Kabanova, Ekaterina"]
[Black "Alekseenko, Mariya"]
[Result "1/2-1/2"]
[WhiteElo "2086"]
[BlackElo "1848"]
[Annotator "NA RC"]
[PlyCount "114"]
[EventDate "2019.03.12"]
[EventType "swiss"]
[EventCountry "RUS"]
[SourceTitle "playchess.com"]
[Source "ChessBase"]
[SourceQuality "1"]
[TimeControl "5400+30"]

{[%evp 8,113,0,-11,-3,-6,18,-32,-11,-8,-4,-9,42,34,25,16,43,9,14,10,72,62,77,70,78,65,64,44,50,-156,-161,-192,-124,-162,-41,-64,-48,-72,-67,-46,-47,-58,-59,-122,-91,-133,-2,-172,0,0,0,-4,40,64,40,48,155,12,20,12,14,0,0,-155,-153,-781,-6115,-871,-169,-1614,-29958,-6432,-29972,-12383,-29975,-29985,-29986,-29986,-571,-29987,-11499,-5181,-627,-5181,-29979,-29994,-29994,-29995,-29991,-29991,-29992,-29995,-677,-29996,-29997,-29997,-672,-29985,-29974,-1431,-29980,-29982,32767,0,0,0,0,0]} 1. d4 {[%emt 0:00:00]} Nf6 {[%emt 0:00:00]} 2. Nf3 {[%emt 0:00:00]} e6 {[%emt 0:00:24]} 3. Nc3 {[%emt 0:01:53]} d5 {[%emt 0:03:16]} 4. e3 {[%emt 0:06:55]} b6 {[%emt 0:04:45]} (4... Be7 5. Bd3 c5 6. O-O O-O 7. b3 Nc6 8. a3 Qc7 9. Bb2 a6 10. Qe2 e5 11. dxe5 Nxe5 12. Nxd5 Nxf3+ 13. Qxf3 Nxd5 14. Qxd5 {1-0 (26) Biljanic,L (2275)-Yudkevich,M (1994) Belgrade 2019}) 5. Bb5+ {[%emt 0:00:53]} c6 {[%emt 0:00:18]} 6. Bd3 {[%emt 0:00:14] D00: 1 d4 d5: Unusual lines} Qc7 $146 {[%emt 0:17:19]} ({Predecessor:} 6... Bd6 7. e4 Nbd7 8. e5 Be7 9. exf6 Bxf6 10. O-O {1-0 (20) Philippy,M (356)-Rellias,P (683) IECG email 2004}) 7. Ne5 {[%emt 0:02:29]} Nbd7 {[%emt 0:02:27]} 8. f4 {[%emt 0:01:03]} Be7 {[%emt 0:08:01]} 9. O-O {[%emt 0:01:29]} h5 {[%emt 0:06:30]} 10. Qf3 {[%emt 0:01:41]} Bb7 {[%emt 0:06:06]} 11. Qg3 {[%emt 0:02:39]} Ng4 {[%emt 0:04:26]} 12. h3 {[%emt 0:08:00]} (12. a4 $14) 12... Nh6 $1 {[%emt 0:03:24]} 13. a4 {[%emt 0:10:33]} O-O-O {[%emt 0:05:48]} (13... h4 $11 {keeps the balance.} 14. Qf3 Nf5) 14. a5 {[%emt 0:02:30]} Nxe5 {[%emt 0:06:39]} 15. fxe5 {[%emt 0:00:38]} g5 {[%emt 0:00:57]} 16. axb6 {[%emt 0:00:31]} axb6 {[%emt 0:00:06]} 17. e4 {[%emt 0:02:13]} dxe4 {[%emt 0:05:45]} 18. Bxe4 $2 {[%emt 0:02:19]} (18. Nxe4 $14 {was the only good move.} Nf5 19. Qh2) 18... f5 {[%emt 0:00:49]} 19. Bd3 {[%emt 0:00:01]} f4 {[%emt 0:03:42]} 20. Qf3 {[%emt 0:02:59]} (20. Qf2 $17) 20... Nf5 {[%emt 0:00:49]} (20... Rxd4 $19 21. Qxh5 Qxe5) 21. Bxf5 $1 {[%emt 0:07:56]} exf5 {[%emt 0:00:14]} 22. Ne2 {[%emt 0:03:11]} c5 {[%emt 0:03:03]} 23. Ra8+ $1 {[%emt 0:03:08]} Kd7 $1 {[%emt 0:03:24]} 24. Rxd8+ {[%emt 0:01:03]} Kxd8 {[%emt 0:00:14]} 25. Qf2 {[%emt 0:06:00]} (25. d5 $15 Qxe5 26. c4) 25... Kc8 {[%emt 0:02:13]} 26. c3 {[%emt 0:00:41]} Rd8 {[%emt 0:01:31]} ({Black should try} 26... Rg8 $17 27. Bd2 Kb8) 27. Bd2 {[%emt 0:01:03]} (27. h4 $1 $15) 27... Kb8 $2 {[%emt 0:01:00]} ({Black should try} 27... h4 $17 28. b4 cxb4 29. cxb4 Kb8) 28. h4 $1 {[%emt 0:01:14]} f3 {[%emt 0:01:46]} 29. gxf3 {[%emt 0:00:24]} gxh4 {[%emt 0:02:54]} 30. Bf4 {[%emt 0:01:57]} Qc6 {[%emt 0:00:52]} 31. Kh2 {[%emt 0:00:43]} Rg8 {[%emt 0:00:28]} (31... Ba6 $14) 32. Rg1 {[%emt 0:00:46]} (32. c4 $16) 32... Rxg1 {[%emt 0:00:46]} 33. Nxg1 {[%emt 0:00:22]} cxd4 {[%emt 0:00:54]} 34. cxd4 {[%emt 0:01:49]} Qd5 {[%emt 0:00:10]} 35. Qc2 $2 {[%emt 0:03:41]} (35. Be3 $11) 35... Qxd4 {[%emt 0:00:32]} 36. Qxf5 $2 {[%emt 0:01:37]} (36. Qd2 $17 Bc5 37. Qxd4 Bxd4 38. b4) 36... Qf2+ {[%emt 0:05:33]} 37. Kh1 {[%emt 0:00:14]} Bxf3+ {[%emt 0:00:39]} 38. Nxf3 {[%emt 0:00:05]} Qxf3+ {[%emt 0:00:03]} 39. Kh2 {[%emt 0:00:50] [#]} h3 $1 {[%emt 0:00:29]} 40. e6+ {[%emt 0:01:40]} Kb7 {[%emt 0:00:20]} 41. Qc2 {[%emt 0:03:16]} Qxf4+ {[%emt 0:00:07]} 42. Kxh3 {[%emt 0:00:04]} Qg4+ {[%emt 0:00:59] Double Attack} 43. Kh2 {[%emt 0:00:02]} Qxe6 {[%emt 0:00:20]} (43... Bd6+ $142 44. Kh1 Qh3+ 45. Kg1 Bc5+ 46. Qxc5 bxc5 47. e7 Qe3+ 48. Kg2 Qxe7 49. Kf3 Qf6+ 50. Ke2 Qxb2+ 51. Ke3 Qd4+ 52. Kf3 c4 53. Ke2 c3 54. Kf3 c2 55. Kg3 c1=Q 56. Kh3 Qh1+ 57. Kg3 h4#) 44. Qg2+ {[%emt 0:00:51]} Ka7 {[%emt 0:00:30]} 45. Qg7 {[%emt 0:00:04]} Ka6 {[%emt 0:00:12]} 46. Qh8 {[%emt 0:00:21]} Bd6+ {[%emt 0:00:11]} 47. Kg2 {[%emt 0:00:02]} Qe4+ {[%emt 0:00:30]} 48. Kf2 {[%emt 0:00:33]} Bc5+ {[%emt 0:00:37]} 49. Kg3 {[%emt 0:00:23]} Qg4+ {[%emt 0:00:20]} 50. Kh2 {[%emt 0:00:05]} Bd6+ {[%emt 0:01:39]} 51. Kh1 {[%emt 0:00:03]} Qf3+ {[%emt 0:00:42]} (51... Qh3+ $142 52. Kg1 Bc5+ 53. Qd4 Bxd4#) 52. Kg1 {[%emt 0:00:02]} Bg3 {[%emt 0:00:31]} 53. Qc8+ {[%emt 0:00:18]} Ka5 {[%emt 0:00:11]} 54. b4+ {[%emt 0:00:23]} Kxb4 {[%emt 0:00:11]} 55. Qc4+ {[%emt 0:00:31]} Ka3 {[%emt 0:00:37]} 56. Qb4+ {[%emt 0:00:23]} Ka2 $11 {[%emt 0:00:14]} 57. Qb2+ {[%emt 0:00:09]} Kxb2 {[%emt 0:00:05]} 1/2-1/2